000 00885nam a22001937a 4500
999 _c62923
_d62923
003 Ge_BSU
005 20250324131955.0
008 250320s1997 ge ||||| |||| 00| 0 geo d
041 _ageo
080 _a616-092(042.4) პ-13
245 _aპათოფიზიოლოგია :
_b(ლექციების კონსპექტი). პირველი ნაწილი. ზოგადო ნოზოლოგია /
_c პათოფიზიოლოგიის კათედრა.
264 _aთბილისი,
_c1997.
300 _a143 გვ. :
_bსქ., ცხრ. ;
_c20 სმ.
653 _aპათოფიზიოლოგია
653 _aნოზოლოგია
653 _aმედიცინა
710 _aპათოფიზიოლოგიის კათედრა.
_924645
942 _2udc
_cᲬᲘᲒᲜᲘ